| 000 | 01242nam a22003377a 4500 | ||
|---|---|---|---|
| 999 |
_c21502 _d21502 |
||
| 003 | AR-CdUCM | ||
| 008 | 190220b ||||| |||| 00| 0 spa d | ||
| 020 | _a9789972516139 | ||
| 040 |
_aMUNICIPALIDAD PROVINCIAL DEL CUSCO _cBIBLIOTECA MUNICIPAL DEL CUSCO |
||
| 082 |
_a305.55/P43 _bP43 |
||
| 100 |
_aPereyra Cáceres, Omar _945113 |
||
| 245 |
_aSan Felipe : _bgrupos de clase media se encuentran / _cOmar Pereyra |
||
| 260 |
_aLima : _bInstituto de Estudios Peruanos, IEP, _c2016. |
||
| 300 |
_a323 páginas. : _bilustraciones ; _c21 cm. |
||
| 440 |
_aSerie Perú Problema, _n50. _945114 |
||
| 500 |
_zBibliografía: p. [207]-223. _aTítulo original: Contemporary middle class in Latin America: a study of San Felipe. |
||
| 650 |
_aClase media _97061 |
||
| 650 |
_aBarrios residenciales _945115 |
||
| 650 |
_aAspectos sociológicos _922171 |
||
| 650 |
_aMovilidad social _945093 |
||
| 650 |
_aCambio social _95168 |
||
| 650 |
_aSociología urbana _915310 |
||
| 650 |
_aResidencial San Felipe _945116 |
||
| 650 |
_aJesús María, Lma _945117 |
||
| 650 |
_aPoblación _93673 |
||
| 650 |
_aHistoria _945118 |
||
| 650 |
_aPerú _945119 |
||
| 710 |
_aInstituto de Estudios Peruanos (Lima) _99759 |
||
| 942 |
_2ddc _cLIBROS |
||
| 945 | _aRoel | ||